000 00460nam a2200181Ia 4500
001 8064
005 20260306160541.0
008 260306t2012||||xx |||||||||||||| ||spa||
041 _aESP
082 _a370.1
_bG67 V. 3
100 _aGonzález Moreyra, Raúl
_eAUT
245 0 _aFormación docente:
_breflexiones, modelos y aplicaciones
260 _c2012
300 _a127 páginas :
_c127 p.
650 _aGEN
654 _aCED
942 _cLIB
_dJUS
_fJUS
_2ddc
_n
999 _c8064
_d8064